[Event "Doriano Spinelli mem 2nd"]
[Site "Torino"]
[Date "2016.12.04"]
[Round "5"]
[White "Terzo, Andrea"]
[Black "Wisbey, Danilo"]
[Result "1-0"]
[WhiteElo "1892"]
[BlackElo "1585"]
[PlyCount "129"]
[EventDate "2016.12.01"]
[EventType "swiss"]
[EventRounds "5"]
[EventCountry "ITA"]
[SourceTitle "CBM 176 Extra"]
[Source "ChessBase"]
[SourceDate "2017.03.02"]
[SourceVersion "1"]
[SourceVersionDate "2017.03.02"]
[SourceQuality "1"]

1. d4 d5 2. c4 e6 3. Nc3 Nf6 4. Bg5 Be7 5. cxd5 exd5 6. Qc2 c6 7. e3 Be6 8. Bd3 Nbd7 9. Nf3 Qc7 10. Bf4 Bd6 11. Bxd6 Qxd6 12. 0-0 h6 13. b4 a6 14. a4 0-0 15. Rab1 Rfc8 16. Rfc1 Qc7 17. b5 cxb5 18. axb5 a5 19. Qd2 Qd8 20. Na4 Nb6 21. Nc5 Rc7 22. Ra1 Nbd7 23. Nxe6 Rxc1+ 24. Rxc1 fxe6 25. Qc2 Kf8 26. Qc7 Qxc7 27. Rxc7 b6 28. Rc6 Ke7 29. Kf1 a4 30. Rc2 Ne8 31. Nd2 Nd6 32. Nb1 Ra5 33. Na3 Ke8 34. Rc6 Ke7 35. f3 Ra8 36. Ke2 Nb7 37. Kd2 Na5 38. Rc2 Nb3+ 39. Ke2 Kd8 40. Rc6 Ke7 41. Bc2 Na5 42. Rc3 Nb7 43. e4 dxe4 44. fxe4 Nd6 45. e5 Nf7 46. Be4 Ra7 47. Rc4 Ng5 48. Bc2 Kd8 49. h4 Nf7 50. Ke3 Rc7 51. Rc6 Rxc6 52. bxc6 Nb8 53. Bxa4 Na6 54. Nb5 Nc7 55. Ke4 Nxb5 56. Bxb5 Kc7 57. d5 exd5+ 58. Kxd5 Nd8 59. Bd3 Nf7 60. e6 Nd6 61. e7 b5 62. Bxb5 Ne8 63. Ke6 g5 64. hxg5 hxg5 65. Kf7 1-0

[Event "Nichelino Berruto Memorial 19th"]
[Site "Nichelino"]
[Date "2016.03.18"]
[Round "6"]
[White "Di Chiara, Mauro"]
[Black "Terzo, Andrea"]
[Result "1-0"]
[WhiteElo "1950"]
[BlackElo "1873"]
[PlyCount "109"]
[EventDate "2016.02.12"]
[EventType "swiss"]
[EventRounds "6"]
[EventCountry "ITA"]
[SourceTitle "EXT 2018"]
[Source "ChessBase"]
[SourceDate "2017.10.13"]
[SourceVersion "1"]
[SourceVersionDate "2017.10.13"]
[SourceQuality "1"]

1. Nf3 e6 2. d4 d5 3. c4 Nf6 4. Nc3 c6 5. cxd5 exd5 6. Bg5 Be7 7. Qc2 0-0 8. e3 Nbd7 9. Bd3 Re8 10. 0-0 h6 11. Bh4 Ne4 12. Bxe7 Qxe7 13. b4 Ndf6 14. b5 Bg4 15. Ne5 Nxc3 16. Qxc3 cxb5 17. Bxb5 Rec8 18. Qb3 Bf5 19. Rfc1 Rc7 20. Qb2 Rac8 21. Bd3 Bxd3 22. Nxd3 Nd7 23. Rxc7 Rxc7 24. Rc1 Qd6 25. h3 Nb6 26. Rxc7 Qxc7 27. Nc5 Qc6 28. Qb4 Kf8 29. Nxb7+ Ke8 30. Nd6+ Ke7 31. Nf5+ Kf6 32. Qd6+ Qxd6 33. Nxd6 Ke6 34. Nb5 a5 35. Kf1 Kd7 36. Ke2 Kc6 37. Nc3 a4 38. f3 a3 39. e4 dxe4 40. fxe4 Nc4 41. Kd3 Nb2+ 42. Kc2 Nc4 43. g4 Na5 44. Nb1 Kb5 45. Kc3 Ka4 46. d5 Nb7 47. e5 Nc5 48. Kc4 Nd7 49. Nc3+ Ka5 50. e6 fxe6 51. dxe6 Nf6 52. Nd5 Ne8 53. Kc5 Ka6 54. Kc6 Ka7 55. Kd7 1-0

[Event "Nichelino Berruto Memorial 19th"]
[Site "Nichelino"]
[Date "2016.03.11"]
[Round "5"]
[White "Terzo, Andrea"]
[Black "D'Ingiullo, Roberto"]
[Result "1-0"]
[WhiteElo "1873"]
[BlackElo "2091"]
[PlyCount "95"]
[EventDate "2016.02.12"]
[EventType "swiss"]
[EventRounds "6"]
[EventCountry "ITA"]
[SourceTitle "EXT 2018"]
[Source "ChessBase"]
[SourceDate "2017.10.13"]
[SourceVersion "1"]
[SourceVersionDate "2017.10.13"]
[SourceQuality "1"]

1. d4 Nf6 2. c4 Nc6 3. Nf3 e6 4. Nc3 Bb4 5. Qc2 d6 6. a3 Bxc3+ 7. Qxc3 0-0 8. Bg5 h6 9. Bh4 Re8 10. d5 exd5 11. cxd5 Ne5 12. Bxf6 Qxf6 13. Nxe5 Qxe5 14. Qxe5 Rxe5 15. 0-0-0 Bf5 16. f3 Re3 17. g4 Bg6 18. h4 Rae8 19. Rd4 f5 20. h5 Bh7 21. Rb4 b6 22. gxf5 Bxf5 23. Rhh4 R8e5 24. Rhd4 Kf7 25. Rbc4 Re7 26. Kd2 R3e5 27. e4 Bc8 28. Rc3 Ke8 29. Ra4 a5 30. Bb5+ Bd7 31. Bxd7+ Rxd7 32. b4 axb4 33. axb4 Rxh5 34. Ra8+ Ke7 35. Rc8 Rh2+ 36. Ke3 Rb2 37. R8xc7 Rxb4 38. f4 b5 39. Rc8 Rb1 40. Rg8 Kf6 41. Rc6 Kf7 42. Rcc8 b4 43. Kf3 b3 44. Kg4 Rg1+ 45. Kh5 Rh1+ 46. Kg4 b2 47. Rcf8+ Kg6 48. f5+ 1-0

[Event "Nichelino Berruto Memorial 19th"]
[Site "Nichelino"]
[Date "2016.02.19"]
[Round "2"]
[White "Terzo, Andrea"]
[Black "Coqueraut, Jean Dominique"]
[Result "1-0"]
[WhiteElo "1873"]
[BlackElo "1731"]
[PlyCount "73"]
[EventDate "2016.02.12"]
[EventType "swiss"]
[EventRounds "6"]
[EventCountry "ITA"]
[SourceTitle "EXT 2018"]
[Source "ChessBase"]
[SourceDate "2017.10.13"]
[SourceVersion "1"]
[SourceVersionDate "2017.10.13"]
[SourceQuality "1"]

1. d4 Nf6 2. c4 g6 3. Nc3 Bg7 4. e4 d6 5. Be3 0-0 6. f3 e5 7. Nge2 Nc6 8. d5 Ne7 9. Nc1 Nh5 10. Nd3 f5 11. Be2 f4 12. Bf2 Qe8 13. Nb5 Qd7 14. Qd2 c5 15. b4 a6 16. Nc3 b6 17. bxc5 bxc5 18. Rb1 Qc7 19. Qb2 Rd8 20. Qb6 Qxb6 21. Rxb6 Rd7 22. Bd1 Rd8 23. Ba4 g5 24. 0-0 g4 25. Bh4 Kf8 26. Nxc5 gxf3 27. Rfb1 fxg2 28. Nb7 Bxb7 29. Rxb7 Bf6 30. Bxf6 Nxf6 31. Kxg2 Ng4 32. Nd1 Rac8 33. Bd7 Rxd7 34. Rxd7 Rxc4 35. Rb8+ Kg7 36. Rbb7 Rc2+ 37. Kh3 1-0

[Event "London Classic op 6th"]
[Site "London"]
[Date "2014.12.13"]
[Round "7"]
[White "Acosta, Mariano"]
[Black "Terzo, Andrea"]
[Result "1-0"]
[WhiteElo "1981"]
[BlackElo "1809"]
[PlyCount "103"]
[EventDate "2014.12.08"]
[EventType "swiss"]
[EventRounds "9"]
[EventCountry "ENG"]
[SourceTitle "CBM 163 Extra"]
[Source "ChessBase"]
[SourceDate "2014.12.23"]
[SourceVersion "1"]
[SourceVersionDate "2014.12.23"]
[SourceQuality "1"]

1. d4 d5 2. Nf3 Nf6 3. e3 Bf5 4. c4 e6 5. Qb3 Nc6 6. cxd5 Nxd5 7. Nc3 Na5 8. Qd1 Bb4 9. Bd2 Nxc3 10. bxc3 Bd6 11. c4 c5 12. Qa4+ Nc6 13. d5 exd5 14. cxd5 0-0 15. dxc6 bxc6 16. Bc4 Qf6 17. 0-0 Qg6 18. Nh4 Qh5 19. g3 Bh3 20. Rfd1 Bg4 21. Bc3 Bxd1 22. Qxd1 Qxd1+ 23. Rxd1 Rfd8 24. Nf3 Be7 25. Rxd8+ Rxd8 26. Ne5 Rd1+ 27. Kg2 Rc1 28. Bxf7+ Kf8 29. Ba5 Bf6 30. Nd3 Rd1 31. Bc4 Ke7 32. h4 Rb1 33. Kf3 Ke8 34. Nxc5 Rc1 35. Ne4 Be7 36. Bb3 c5 37. Bd2 Rh1 38. Bc3 Bf8 39. Ke2 h6 40. Kd3 Kd7 41. Kc4 Rf1 42. Kb5 Kc7 43. Be5+ Kc8 44. Ka6 Rc1 45. Nd2 g5 46. hxg5 hxg5 47. Kxa7 Rh1 48. Kb6 Rh6+ 49. Kb5 Kd7 50. Ne4 Rh2 51. g4 Rg2 52. Bg3 1-0

[Event "London Classic op 6th"]
[Site "London"]
[Date "2014.12.13"]
[Round "6"]
[White "Jones, Steven"]
[Black "Terzo, Andrea"]
[Result "1-0"]
[WhiteElo "2096"]
[BlackElo "1809"]
[PlyCount "63"]
[EventDate "2014.12.08"]
[EventType "swiss"]
[EventRounds "9"]
[EventCountry "ENG"]
[SourceTitle "CBM 163 Extra"]
[Source "ChessBase"]
[SourceDate "2014.12.23"]
[SourceVersion "1"]
[SourceVersionDate "2014.12.23"]
[SourceQuality "1"]

1. e4 e6 2. d4 d5 3. Nc3 Nf6 4. Bg5 Be7 5. e5 Nfd7 6. Bxe7 Qxe7 7. f4 a6 8. Nf3 c5 9. dxc5 Nxc5 10. Qd2 Nc6 11. 0-0-0 b5 12. Bd3 0-0 13. Kb1 b4 14. Ne2 a5 15. Ned4 Nxd4 16. Nxd4 Ba6 17. Rde1 Bxd3 18. cxd3 f5 19. h3 Qd7 20. Rhg1 Qa4 21. g4 b3 22. Nxb3 Nxb3 23. axb3 Qxb3 24. Re3 a4 25. d4 Qb6 26. Ka1 Rac8 27. Rc3 Qb4 28. gxf5 a3 29. Rxg7+ Kxg7 30. Rg3+ Kh8 31. Qxb4 axb2+ 32. Kb1 1-0

[Event "London Classic op 6th"]
[Site "London"]
[Date "2014.12.12"]
[Round "5"]
[White "Terzo, Andrea"]
[Black "Maisuradze, Nino"]
[Result "0-1"]
[WhiteElo "1809"]
[BlackElo "2323"]
[PlyCount "106"]
[EventDate "2014.12.08"]
[EventType "swiss"]
[EventRounds "9"]
[EventCountry "ENG"]
[SourceTitle "CBM 163 Extra"]
[Source "ChessBase"]
[SourceDate "2014.12.23"]
[SourceVersion "1"]
[SourceVersionDate "2014.12.23"]
[SourceQuality "1"]

1. d4 Nf6 2. c4 c5 3. d5 e6 4. Nc3 exd5 5. cxd5 d6 6. e4 g6 7. f4 Bg7 8. Bb5+ Nfd7 9. a4 a6 10. Bc4 0-0 11. Nf3 Nb6 12. Ba2 Bg4 13. 0-0 N8d7 14. h3 Bxf3 15. Rxf3 Rb8 16. a5 Na8 17. Bc4 Nc7 18. Qf1 Qe7 19. Bd2 b5 20. axb6 Rxb6 21. Qd3 Rxb2 22. e5 Ne8 23. Rxa6 dxe5 24. d6 Qd8 25. Ne4 exf4 26. Bc3 Ne5 27. Bxe5 Bxe5 28. Qd5 Bd4+ 29. Kh2 Nf6 30. Nxf6+ Qxf6 31. d7 Qe7 32. Ra8 Rbb8 33. Ra7 Rfd8 34. Rf1 Kg7 35. Kh1 Be3 36. Rc7 Rb6 37. Rd1 Bd4 38. Rf1 Rd6 39. Qf3 R8xd7 40. Rxd7 Qxd7 41. Qxf4 Rf6 42. Qc1 Qd6 43. Rxf6 Qxf6 44. Qf1 Qxf1+ 45. Bxf1 f5 46. Kh2 f4 47. Be2 Bf2 48. g4 fxg3+ 49. Kg2 Kf6 50. Kf3 Ke5 51. Bf1 Kd4 52. Ke2 Kc3 53. Kd1 Kb2 0-1